|
|
|
|
| LEADER |
01881nam a22004455i 4500 |
| 001 |
978-1-137-56464-1 |
| 003 |
DE-He213 |
| 005 |
20160406141536.0 |
| 007 |
cr nn 008mamaa |
| 008 |
160112s2016 xxk| s |||| 0|eng d |
| 020 |
|
|
|a 9781137564641
|9 978-1-137-56464-1
|
| 024 |
7 |
|
|a 10.1007/978-1-137-56464-1
|2 doi
|
| 040 |
|
|
|d GrThAP
|
| 050 |
|
4 |
|a HD87-87.55
|
| 072 |
|
7 |
|a KCP
|2 bicssc
|
| 072 |
|
7 |
|a POL024000
|2 bisacsh
|
| 082 |
0 |
4 |
|a 338.9
|2 23
|
| 100 |
1 |
|
|a Wilcock, Neil.
|e author.
|
| 245 |
1 |
0 |
|a Hartmut Elsenhans and a Critique of Capitalism
|h [electronic resource] :
|b Conversations on Theory and Policy Implications /
|c by Neil Wilcock, Corina Scholz.
|
| 264 |
|
1 |
|a London :
|b Palgrave Macmillan UK :
|b Imprint: Palgrave Macmillan,
|c 2016.
|
| 300 |
|
|
|a XII, 184 p.
|b online resource.
|
| 336 |
|
|
|a text
|b txt
|2 rdacontent
|
| 337 |
|
|
|a computer
|b c
|2 rdamedia
|
| 338 |
|
|
|a online resource
|b cr
|2 rdacarrier
|
| 347 |
|
|
|a text file
|b PDF
|2 rda
|
| 520 |
|
|
|a This book presents a series of interviews with Hartmut Elsenhans on his wide-ranging theories and their policy implications. Serving as a compilation of his distilled thoughts, we discuss with him his unique world economic theory, his theorisation of social movements, his work on overcoming underdevelopment, and much more.
|
| 650 |
|
0 |
|a Economic theory.
|
| 650 |
|
0 |
|a Economic policy.
|
| 650 |
|
0 |
|a Development economics.
|
| 650 |
1 |
4 |
|a Economics.
|
| 650 |
2 |
4 |
|a Economic Policy.
|
| 650 |
2 |
4 |
|a Development Economics.
|
| 650 |
2 |
4 |
|a Economic Theory/Quantitative Economics/Mathematical Methods.
|
| 700 |
1 |
|
|a Scholz, Corina.
|e author.
|
| 710 |
2 |
|
|a SpringerLink (Online service)
|
| 773 |
0 |
|
|t Springer eBooks
|
| 776 |
0 |
8 |
|i Printed edition:
|z 9781349562435
|
| 856 |
4 |
0 |
|u http://dx.doi.org/10.1007/978-1-137-56464-1
|z Full Text via HEAL-Link
|
| 912 |
|
|
|a ZDB-2-ECF
|
| 950 |
|
|
|a Economics and Finance (Springer-41170)
|